| 000 | 00956cam a22002651 4500 | ||
|---|---|---|---|
| 001 | gs 64000330 | ||
| 003 | DLC | ||
| 005 | 20260227111415.0 | ||
| 008 | 760622s1964 xx 000 0 eng | ||
| 010 | _ags 64000330 | ||
| 035 | _a(OCoLC)2273014 | ||
| 040 |
_aDLC _cMeU-P _dDLC |
||
| 042 | _apremarc | ||
| 050 | 0 | 0 |
_aQE171 _b.A3 no. 26 |
| 100 | 1 |
_aStone, Solon Wallingford, _d1916- |
|
| 245 | 1 | 4 |
_aThe geology of the Milton quadrangle, Vermont, _cby Solon W. Stone and John G. Dennis. |
| 260 |
_aMontpelier, _bVermont Development Dept., _c1964. |
||
| 300 |
_a79 p. _billus., maps (1 fold. col. in pocket) diagrs., tables. _c23 cm. |
||
| 490 | 1 |
_aVermont. Geological survey. Bulletin _vno. 26 |
|
| 504 | _aBibliography: p. 76-79. | ||
| 650 | 0 |
_aGeology _zVermont _zMilton quadrangle. |
|
| 700 | 1 |
_aDennis, John G. _q(John Gordon), _d1920- _ejt. auth. |
|
| 740 | 0 | _aMilton quadrangle, Vermont. | |
| 810 | 1 |
_aVermont. _bState Geologist. _tBulletin ; _vno. 26. |
|
| 999 |
_c29899 _d29899 |
||